Statistiques concernant Communes de l'arrondissement de Thann

Cliquez ici pour prendre le quiz!

Statistiques générales

  • Ce quiz a été pris 5 fois
  • Le résultat moyen est 31 sur 53

Statistiques - réponses

Code INSEE Commune/Gmeinde % Correct
68334Thann
100%
68348Vieux-Thann
80%
68217Moosch
80%
68201Masevaux
80%
68063Cernay
80%
68003Altenbach
60%
68308Sickert
60%
68261Rammersmatt
60%
68262Ranspach
60%
68275Rimbach-près-Masevaux
60%
68279Roderen
60%
68292Saint-Amarin
60%
68304Sentheim
60%
68307Sewen
60%
68321Staffelfelden
60%
68313Soppe-le-Bas
60%
68314Soppe-le-Haut
60%
68239Oberbruck
60%
68322Steinbach
60%
68328Storckensohn
60%
68342Uffholtz
60%
68344Urbès
60%
68359Wattwiller
60%
68361Wegscheid
60%
68370Wildenstein
60%
68372Willer-sur-Thur
60%
68247Oderen
60%
68219Mortzwiller
60%
68233Niederbruck
60%
68167Kirchberg
60%
68073Dolleren
60%
68046Bourbach-le-Haut
60%
68102Geishouse
60%
68106Goldbach
60%
68045Bourbach-le-Bas
60%
68151Husseren-Wesserling
60%
68171Kruth
60%
68059Burnhaupt-le-Bas
60%
68040Bitschwiller
60%
68031Bernwiller
60%
68180Leimbach
60%
68199Malmerspach
60%
68211Mitzach
60%
68213Mollau
60%
68060Burnhaupt-le-Haut
60%
68012Aspach-le-Haut
40%
68115Guewenheim
40%
68089Fellering
40%
68011Aspach-le-Bas
40%
68179Lauw
40%
68302Schweighouse
40%
68206Michelbach
40%
68375Wittelsheim
40%

Distribution des résultats

Percentile par nombre de réponses

% des personnes avec chaque résultat

Votre développement - résultats

Vous n’avez pas pris ce quiz